Комплексный контроль функционального психофизиологического состояния и физической подготовленности в процессе занятий физической культурой и спортом (Запись № 13670084)
[ простой вид ]
| 000 -МАРКЕР | |
|---|---|
| контрольное поле | 02201nam0a2200337 4500 |
| 001 - ИДЕНТИФИКАТОР ЗАПИСИ | |
| контрольное поле | RU\NLR\BIBL_A\022380874 |
| 005 - ИДЕНТИФИКАТОР ВЕРСИИ | |
| контрольное поле | 20260420021507.0 |
| 010 ## - МЕЖДУНАРОДНЫЙ СТАНДАРТНЫЙ НОМЕР КНИГИ (ISBN) | |
| Номер (ISBN) | 978-5-906477-49-1 |
| Тираж | 100 |
| 021 ## - НОМЕР ГОСУДАРСТВЕННОЙ РЕГИСТРАЦИИ | |
| Код страны | российская федерация |
| Номер | КН-П-24-060117 |
| Номер Листа государственной регистраци | КН-П-24-5976 |
| 035 ## - ДРУГИЕ СИСТЕМНЫЕ НОМЕРА | |
| Идентификатор записи | (NLR Aleph) 022380874 |
| 100 ## - ДАННЫЕ ОБЩЕЙ ОБРАБОТКИ | |
| Данные общей обработки | 20241113d2024 u y0rusy50 ca |
| 101 0# - ЯЗЫК РЕСУРСА | |
| Язык текста, звукозаписи и т.д. | русский |
| 102 ## - СТРАНА ПУБЛИКАЦИИ ИЛИ ПРОИЗВОДСТВА | |
| Страна публикации | российская федерация |
| 105 ## - ПОЛЕ КОДИРОВАННЫХ ДАННЫХ: ТЕКСТОВЫЕ МАТЕРИАЛЫ, МОНОГРАФИЧЕСКИЕ | |
| Кодированные данные о монографическом текстовом документе | a j 000yy |
| 181 #0 - ПОЛЕ КОДИРОВАННЫХ ДАННЫХ: ВИД СОДЕРЖАНИЯ | |
| Код вида содержания (ISBD) | i3 |
| Код характеристики содержания (ISBD) | axxe |
| 182 #0 - ПОЛЕ КОДИРОВАННЫХ ДАННЫХ: ТИП СРЕДСТВА | |
| Код типа средства (ISBD) | n - непосредственное |
| 200 1# - ЗАГЛАВИЕ И СВЕДЕНИЯ ОБ ОТВЕТСТВЕННОСТИ | |
| Основное заглавие | Комплексный контроль функционального психофизиологического состояния и физической подготовленности в процессе занятий физической культурой и спортом |
| Сведения, относящиеся к заглавию | учебное пособие |
| Первые сведения об ответственности | О. Н. Московченко, О. А. Катцин, Д. А. Шубин |
| Последующие сведения об ответственности | Министерство просвещения Российской Федерации, Красноярский государственный педагогический университет имени В. П. Астафьева, Министерство сельского хозяйства Российской Федерации, Красноярский государственный аграрный университет |
| 203 ## - ВИД СОДЕРЖАНИЯ И ТИП СРЕДСТВА | |
| Вид содержания | Текст |
| Дополнительные сведения об издании | визуальный |
| Тип средства | непосредственный |
| 210 ## - ПУБЛИКАЦИЯ, РАСПРОСТРАНЕНИЕ И ДР. | |
| Место издания, распространения и т.д. | Красноярск |
| Имя издателя, распространителя и т. д. | Версона |
| Дата издания, распространения и т.д. | 2024 |
| 215 ## - ФИЗИЧЕСКАЯ ХАРАКТЕРИСТИКА | |
| Специфическое обозначение материала и объем | 169 с. |
| Другие сведения о физической характеристике | ил., табл. |
| Размеры | 29 |
| 320 ## - ПРИМЕЧАНИЯ О НАЛИЧИИ В ДОКУМЕНТЕ БИБЛИОГРАФИИ / УКАЗАТЕЛЯ | |
| Текст примечания | Библиогр. в конце глав |
| 606 1# - НАИМЕНОВАНИЕ ТЕМЫ КАК ПРЕДМЕТ | |
| Наименование темы | Спортивная тренировка |
| Формальный подзаголовок | Учебные издания для высших учебных заведений |
| Тематический подзаголовок | Педагогический контроль |
| Системный номер авторитетной/нормативной записи | 2078358 |
| Идентификатор авторитетной/нормативной записи | RU\NLR\AUTH\661254206 |
| 686 1# - ИНДЕКСЫ ДРУГИХ КЛАССИФИКАЦИЙ | |
| Индекс | Ч511.56я73 |
| 700 #1 - ИМЯ ЛИЦА - ПЕРВИЧНАЯ ОТВЕТСТВЕННОСТЬ | |
| Графика поля | Кириллица |
| Материалы, к которым относится поле | rus |
| Начальный элемент ввода | Московченко |
| Часть имени, кроме начального элемента ввода | О. Н. |
| Дополнения к именам, кроме дат | д-р пед. наук |
| Даты | 1937- |
| Расширение инициалов личного имени | Ольга Никифоровна |
| Системный номер авторитетной/нормативной записи | 99079 |
| Идентификатор авторитетной/нормативной записи | RU\NLR\AUTH\77116154 |
| 701 #1 - ИМЯ ЛИЦА - АЛЬТЕРНАТИВНАЯ ОТВЕТСТВЕННОСТЬ | |
| Начальный элемент ввода | Катцин |
| Часть имени, кроме начального элемента ввода | О. А. |
| Расширение инициалов личного имени | Олег Андреевич |
| 701 #1 - ИМЯ ЛИЦА - АЛЬТЕРНАТИВНАЯ ОТВЕТСТВЕННОСТЬ | |
| Начальный элемент ввода | Шубин |
| Часть имени, кроме начального элемента ввода | Д. А. |
| Расширение инициалов личного имени | Дмитрий Александрович |
| 942 ## - ДОПОЛНИТЕЛЬНЫЕ ЭЛЕМЕНТЫ ЗАПИСИ (АБИС) | |
| Тип экземпляра АБИС | Книга |
| 980 ## - КОЛЛЕКЦИЯ | |
| Название коллекции | Национальная библиография |
Нет доступных экземпляров.